000 01262nam a22003137 4500
999 _c817
_d817
003 AR-BaISA
005 20220330183257.0
007 ta
008 220330s2021 sp ado|f |||| 001 0 spa d
020 _a9788491137795
040 _bspa
_cAR-BaISA
082 0 4 _222
_a618.920 023 1 L942c
100 1 _9804
_aLowdermilk, Deitra Leonard
245 1 0 _aCuidados en enfermería materno-infantil /
_bLowdermilk, Perry, Cashion, Alden, y Olshanksky
250 _a12a. ed.
260 _aBarcelona:
_bElsevier,
_c2021
300 _aXXVII, 863 p.:
_bil., fotos, gráfs., tablas
504 _aBibliografía al final de cada capítulo.
504 _aÍndice analítico p.: 838-863.
505 _tIntroducción a los cuidados en enfermería materno-infantil --
_tSalud en la mujer --
_tEmbarazo --
_tTrabajo de parto y alumbramiento --
_tPosparto --
_tNeonato --
_tComplicaciones del embarazo --
_tComplicaciones neonatales
650 1 0 _9660
_aEnfermería maternoinfantil
650 1 0 _9805
_aAtención a la salud de la mujer
_xenfermería
650 1 0 _941
_aCuidados de enfermería
700 1 _9806
_aPerry, Shannon E.
_eaut.
700 1 _91920
_aCashion, Kitty
700 1 _91921
_aRhodes Alden, Kathryn
700 1 _91922
_aOlshansky, Ellen F.
942 _2ddc
_cLI
_e22